000 00273nam a22001337a 4500
008 181011b xxu||||| |||| 00| 0 eng d
020 _a9780672327124
041 _aeng
080 _a004
100 _a28
101 _aSHK
245 _aMySQL
_cForta,B
942 _2udc
_cBK
999 _c49399
_d49399